000 00937nam a22002417a 4500
001 35571
003 BD-RjUL
005 20211209052339.0
008 140526s1948 at 000 0 eng d
035 _aOCLC ocm17004382 from D970521M
_a(BD-RjUL) 35666
040 _aDLC
_cCLU
_dBD-RjUL
_beng
041 _aeng
082 _a354.94
_bDEC 1948
245 1 0 _aDecentralization /
_cby H.L. Harris [and others] Papers read at the Fourteenth Summer School of the Australian Institute of Political Science held at Armidale, N.S.W., 24th to 26th January, 1948.
260 _aSydney :
_bAngus and Robertson, in conjunction with the Australian Institute of Political Science,
_c1948.
300 _avii, 204 p. ;
_c19 cm.
650 0 _aRegional planning
_zAustralia.
_9108317
651 0 _aAustralia
_xPolitics and government.
_9108318
700 _aHarris, Harold Lark
_9108319
942 _2ddc
_cBK
999 _c35571
_d35571